| 000 | 01276nam a2200289 i 4500 | ||
|---|---|---|---|
| 003 | CO-ViMGA | ||
| 005 | 20230915224424.0 | ||
| 008 | 201204s2020 ck ao er 000 p spa d | ||
| 020 | _a9789586656429 | ||
| 040 |
_aCO-ViMGA _bspa _cCO-ViMGA |
||
| 084 | _aP OBE2 | ||
| 100 | 1 |
_aObeso, Candelario _d1849-1884 _eautor _97536 |
|
| 245 | 1 | 0 |
_aSi yo fuera tambo : _bpoesia selecta de Candelario Obeso y Jorge Artel / _ceditora academica Graciela Maglia |
| 250 | _aEdicion especial | ||
| 260 |
_aBogota : _bSiglo del Hombre, _c2020 |
||
| 300 |
_a240 paginas _bilustraciones, fotografias _c21 cm |
||
| 490 | 0 | _aPlan Nacional de Lectura y Escritura Leer es mi Cuento / Ministerio de Cultura | |
| 504 | _aIncluye bibliografia al final de cada capitulo | ||
| 600 | 1 | 4 |
_aArtel, Jorge _d1909-1994 _xCritica e interpretacion _9163298 |
| 600 | 1 | 4 |
_aObeso, Candelario _d1849-1884 _xCritica e interpretacion _9163297 |
| 650 | 1 | 7 |
_2LEMB _aLiteratura colombiana _xHistoria y critica _ySiglo XX _9112674 |
| 650 | 1 | 7 |
_2LEMB _aPoesia negra colombiana _vColecciones _9162920 |
| 650 | 1 | 7 |
_2LEMB _aPoesia negra colombiana _xHistoria y critica _9162919 |
| 700 | 1 |
_aArtel, Jorge _d1909-1994 _eautor _940470 |
|
| 700 | 1 |
_aMaglia, Graciela _d1909-1994 _eeditora _9163299 |
|
| 942 |
_2ddc _cBK |
||
| 999 |
_c9077 _d9077 |
||